পিলখানার ইতিহাস / (Record no. 12852)
[ view plain ]
| 000 -LEADER | |
|---|---|
| fixed length control field | 00791nam a2200217 a 4500 |
| 001 - CONTROL NUMBER | |
| JCCL Control Number | 12852 |
| 003 - CONTROL NUMBER IDENTIFIER | |
| JCCL marc code | BD-JhCC |
| 005 - DATE AND TIME OF LATEST TRANSACTION | |
| control field | 20230518125235.0 |
| 008 - FIXED-LENGTH DATA ELEMENTS--GENERAL INFORMATION | |
| fixed length control field | 230518s2022 b a|||| |||| 000 0 b d |
| 020 ## - INTERNATIONAL STANDARD BOOK NUMBER | |
| International Standard Book Number | 9789843520272 |
| 035 ## - SYSTEM CONTROL NUMBER | |
| system control number | (BD-JhCC)12852 |
| 040 ## - CATALOGING SOURCE | |
| Original cataloging agency | BD-JhCC |
| Modifying agency | BD-JhCC |
| 041 ## - LANGUAGE CODE | |
| Language code of Book | ben |
| 082 ## - DEWEY DECIMAL CLASSIFICATION NUMBER | |
| Classification number | 355 |
| Author mark and Year | PEE 2022 |
| 245 ## - TITLE STATEMENT | |
| Title | পিলখানার ইতিহাস / |
| Statement of responsibility, etc | সম্পাদনায় বিজিবি সদর দপ্তর |
| 260 ## - PUBLICATION, DISTRIBUTION, ETC. (IMPRINT) | |
| Place of publication, distribution, etc | ঢাকা : |
| Name of publisher, distributor, etc | বিজিবি সদর দপ্তর, |
| Date of publication, distribution, etc | ২০২২ |
| 300 ## - PHYSICAL DESCRIPTION | |
| Pagination | ১১২ পৃ. : |
| Other physical details | চিত্রাবলী সংযোজিত; |
| Dimensions | ২২ সেমি. |
| 650 ## - SUBJECT ADDED ENTRY--TOPICAL TERM | |
| Topical term or geographic name as entry element | History of BDR |
| Geographic subdivision | Bangladesh |
| 710 ## - ADDED ENTRY--CORPORATE NAME | |
| Corporate name or jurisdiction name as entry element | বিজিবি সদর দপ্তর |
| 942 ## - ADDED ENTRY ELEMENTS (KOHA) | |
| Source of classification or shelving scheme | Dewey Decimal Classification |
| Koha item type | Books |
| Source of classification or shelving scheme | Damaged status | Not for loan | Home library | Current library | Shelving location | Date of accession | Total Checkouts | Full call number | Barcode | Date last seen | Date checked out | Copy number | Method of acquisition | Koha item type | Currency |
|---|---|---|---|---|---|---|---|---|---|---|---|---|---|---|---|
| Dewey Decimal Classification | JCC Rouf Library | JCC Rouf Library | General Stacks | 05/18/2023 | 1 | 355 PEE 2022 | 17621 | 02/08/2024 | 02/02/2024 | C-1 | Purchase | Books | BDT |